[Event "SN-2014-0-00587"]
[Site "LSS email"]
[Date "2014.04.17"]
[Round "?"]
[White "Raines, David T"]
[Black "Godnic, Jorge"]
[Result "1-0"]
[WhiteElo "1101"]
[BlackElo "800"]
[PlyCount "23"]
[EventDate "2014.03.22"]
[EventType "tourn (corr)"]
[EventRounds "6"]
[EventCountry "GER"]
[SourceTitle "Corr 2022"]
[Source "ChessBase"]
[SourceDate "2021.10.24"]
[SourceVersion "1"]
[SourceVersionDate "2021.10.24"]
[SourceQuality "1"]

1. f4 d5 2. g3 Bf5 3. Bg2 Nf6 4. d3 Nc6 5. c3 e6 6. Nf3 Bc5 7. d4 Bb6 8. e3 a5 9. 0-0 0-0 10. Ne5 Nxe5 11. fxe5 Ne4 12. Nd2 1-0